[Event "48th Biel Master Open"]
[Site "Biel SUI"]
[Date "2015.07.22"]
[Round "3.11"]
[White "Brkic, Ante"]
[Black "Andersen, Mads"]
[Result "1-0"]
[WhiteTitle "GM"]
[BlackTitle "IM"]
[WhiteElo "2607"]
[BlackElo "2467"]
[WhiteFideId "14506688"]
[BlackFideId "1413864"]
[EventDate "2015.07.20"]

1. e4 e6 2. d4 d5 3. Nc3 Bb4 4. e5 c5 5. a3 Bxc3+ 6. bxc3 Ne7 7. Qg4 O-O 8. Bd3
Nbc6 9. Qh5 Ng6 10. Nf3 Qc7 11. Be3 c4 12. Bxg6 fxg6 13. Qg4 b5 14. h4 Rf5 15.
Ng1 Qa5 16. Bd2 Qa4 17. Qd1 Bd7 18. g4 Rf7 19. Nh3 Raf8 20. f4 Be8 21. Be3 Rb7
22. Ng5 Re7 23. Kd2 Qa5 24. Qg1 Qb6 25. Rf1 a5 26. h5 gxh5 27. f5 exf5 28. gxf5
b4 29. f6 bxc3+ 30. Kxc3 Nb4 31. Rb1 Na2+ 32. Kd2 c3+ 33. Ke2 Qa6+ 34. Ke1 Rc7
35. Qg2 Qc6 36. Rb8 Bg6 37. Rxf8+ Kxf8 38. Rf1 Rb7 39. Nxh7+ Bxh7 40. fxg7+ Ke7
41. Qg5+ Kd7 42. Rf7+ 1-0

[Event "48th Biel Master Open"]
[Site "Biel SUI"]
[Date "2015.07.22"]
[Round "3.12"]
[White "Yilmaz, Mustafa"]
[Black "Studer, Noel"]
[Result "1-0"]
[WhiteTitle "GM"]
[BlackTitle "IM"]
[WhiteElo "2582"]
[BlackElo "2416"]
[WhiteFideId "6302718"]
[BlackFideId "1319620"]
[EventDate "2015.07.20"]

1. c4 f5 2. d4 Nf6 3. Nf3 d6 4. g3 g6 5. Bg2 Bg7 6. O-O O-O 7. Nc3 Qe8 8. Re1
Qf7 9. e4 fxe4 10. Nxe4 Nc6 11. d5 Nxe4 12. Rxe4 Ne5 13. Rf4 Qe8 14. Qe2 Rxf4
15. Bxf4 Bg4 16. Bxe5 Bxe5 17. h3 Bxf3 18. Bxf3 Qf7 19. Kg2 Qf6 20. Rb1 Rf8 21.
b3 Bc3 22. Rc1 Qe5 23. Qd3 Bd4 24. Rc2 Qf6 25. h4 c5 26. Re2 Kh8 27. Re1 b6 28.
Re4 Qg7 29. Re2 Qf6 30. Re1 Qf7 31. Qe2 Qf6 32. Rf1 Bc3 33. Bg4 Qe5 34. Qc2 Kg7
35. Rd1 Be1 36. Bf3 Bc3 37. Rf1 Bd4 38. Bg4 Bc3 39. Kh3 Be1 40. f4 Qc3 41. Qg2
h6 42. Bf3 Qe3 43. Qb2+ Bc3 44. Qc2 Rf6 45. Bg2 Bd4 46. Rf3 Qe1 47. Rf1 Qe3 48.
Qd1 e5 49. dxe6 Rxe6 50. Bd5 Re7 51. f5 Qe2 52. Qxe2 Rxe2 53. fxg6 Kxg6 54. Rf8
Bg7 55. Rf7 Be5 56. Rf8 Bg7 57. Rd8 Be5 58. h5+ Kf6 59. Rf8+ Ke7 60. Rf7+ Ke8
61. Rxa7 Re3 62. Ra8+ Ke7 63. Rg8 Bf4 64. Rg6 Bg5 65. Kg4 Re2 66. Rg7+ Ke8 67.
Rg8+ Ke7 68. Rg7+ Kf8 69. Rb7 Bd8 70. Kf5 Re5+ 71. Kg6 Rg5+ 72. Kxh6 Rxg3 73.
Kh7 Rh3 74. h6 Bg5 75. Kg6 1-0

[Event "48th Biel Master Open"]
[Site "Biel SUI"]
[Date "2015.07.22"]
[Round "3.13"]
[White "Rambaldi, Francesco"]
[Black "Wagner, Dennis"]
[Result "1/2-1/2"]
[WhiteTitle "IM"]
[BlackTitle "GM"]
[WhiteElo "2513"]
[BlackElo "2569"]
[WhiteFideId "20657307"]
[BlackFideId "24650684"]
[EventDate "2015.07.20"]

1. b3 e5 2. Bb2 Nc6 3. e3 Nf6 4. Bb5 Bd6 5. Na3 Na5 6. Be2 Be7 7. Nf3 e4 8. Ne5
O-O 9. O-O Re8 10. Nb1 d6 11. Ng4 Nc6 12. Nxf6+ Bxf6 13. Bxf6 Qxf6 14. Nc3 Qe5
15. f3 exf3 16. Bxf3 Be6 17. Qe1 d5 18. Qh4 Ne7 19. Rae1 c5 20. Qf2 Rad8 21. d4
Qc7 22. Ne2 cxd4 23. Nxd4 Nc6 24. Bd1 f6 25. Qf4 Qxf4 26. Rxf4 Nxd4 27. Rxd4 Rc8
28. Re2 Rc5 29. Red2 Rec8 30. Kf2 Kf8 31. Ke1 R8c7 32. a3 b6 33. Rf2 Bf7 34.
Rfd2 Bg6 35. Rxd5 Rxd5 36. Rxd5 Bxc2 37. Rd8+ Ke7 38. Rg8 Kf7 39. Ra8 Be4 40.
Rh8 Kg6 41. g3 Rc1 42. Kd2 Ra1 43. Re8 f5 44. h4 Rxa3 45. g4 Kf7 46. Re5 g6 47.
h5 Kf6 48. Re8 Ra5 49. hxg6 hxg6 50. gxf5 Rd5+ 51. Ke1 gxf5 52. Be2 Bd3 53. Bf3
Rb5 54. Bd1 Be4 55. Kd2 Rd5+ 56. Ke1 a5 57. Rb8 Rd6 58. Re8 Bc6 59. Rb8 Be4 60.
Re8 Bc6 61. Rb8 Bd5 62. Re8 Bf7 63. Rb8 Ke5 64. Bc2 Be6 65. Ke2 Kd5 66. Kd2 Kc5+
67. Kc3 b5 68. Ra8 b4+ 69. Kb2 Kb6 70. Rb8+ Kc6 71. Ra8 Rd5 72. e4 Rc5 73. exf5
Bxf5 74. Bxf5 Rxf5 75. Rd8 Rf2+ 76. Kc1 Kc5 77. Rd7 Rf5 78. Kc2 Rd5 79. Rh7 Rg5
80. Rh4 Rg2+ 81. Kc1 Kd5 82. Kb1 Re2 83. Rh5+ Re5 84. Rh4 Re4 85. Kb2 Re2+ 86.
Kb1 Re4 87. Rh5+ Kd4 88. Rxa5 Re1+ 89. Kb2 Re2+ 90. Kb1 Kc3 91. Rh5 Rb2+ 92. Ka1
Rd2 93. Kb1 Rd3 94. Ka2 Rd2+ 95. Kb1 Kxb3 96. Rh3+ 1/2-1/2

[Event "48th Biel Master Open"]
[Site "Biel SUI"]
[Date "2015.07.22"]
[Round "3.14"]
[White "Bok, Benjamin"]
[Black "Nezad, Husein Aziz"]
[Result "1-0"]
[WhiteTitle "GM"]
[BlackTitle "IM"]
[WhiteElo "2562"]
[BlackElo "2405"]
[WhiteFideId "1017063"]
[BlackFideId "12100293"]
[EventDate "2015.07.20"]

1. e4 e5 2. Nf3 Nc6 3. Bb5 a6 4. Ba4 Nf6 5. O-O b5 6. Bb3 Bc5 7. c3 d6 8. d4 Bb6
9. Be3 O-O 10. Nbd2 h6 11. h3 Re8 12. Re1 exd4 13. cxd4 Na5 14. Bc2 Bb7 15. Qb1
Nc4 16. Nxc4 bxc4 17. d5 c6 18. Ba4 Rc8 19. Bxb6 Qxb6 20. Qc2 Red8 21. dxc6 Bxc6
22. Bxc6 Rxc6 23. Rad1 Re8 24. Rd4 Rc5 25. Red1 Re6 26. Nd2 d5 27. exd5 Re2 28.
Nxc4 Rxc2 29. Nxb6 Rb5 30. Na4 Kf8 31. b4 a5 32. a3 Ke7 33. d6+ Kd8 34. d7 axb4
35. axb4 Rb7 36. Nc5 Ra7 37. Rd6 1-0

[Event "48th Biel Master Open"]
[Site "Biel SUI"]
[Date "2015.07.22"]
[Round "3.15"]
[White "Heimann, Andreas"]
[Black "Haimovich, Tal"]
[Result "1-0"]
[WhiteTitle "IM"]
[BlackTitle "IM"]
[WhiteElo "2557"]
[BlackElo "2361"]
[WhiteFideId "24624632"]
[BlackFideId "2801698"]
[EventDate "2015.07.20"]

1. e4 e6 2. d4 d5 3. Nc3 Bb4 4. e5 c5 5. a3 Bxc3+ 6. bxc3 Ne7 7. Qg4 Qc7 8. Qxg7
Rg8 9. Qxh7 cxd4 10. Ne2 dxc3 11. f4 Nbc6 12. Qd3 d4 13. Nxd4 Nxd4 14. Qxd4 Bd7
15. Rg1 Nf5 16. Qf2 Qc6 17. Bd3 Qd5 18. Be3 Bb5 19. Rd1 Bxd3 20. Rxd3 Qa2 21.
Qe2 Qxa3 22. Kf2 Qb4 23. Rgd1 a5 24. Rd7 Qa4 25. Qd3 Qxc2+ 26. Qxc2 Rxg2+ 27.
Kxg2 Nxe3+ 28. Kf3 Nxc2 29. Rxb7 Rc8 30. Rdd7 Rc4 31. Rdc7 Ne1+ 32. Ke2 Rxc7 33.
Rxc7 Ng2 34. Kf3 Ne1+ 35. Ke2 Ng2 36. Rc4 Kf8 37. Kf2 Nh4 38. Rxc3 Kg7 39. Rc7
Kg6 40. Ra7 a4 41. Rxa4 f6 42. Ra6 fxe5 43. Rxe6+ Kf5 44. Rxe5+ Kxf4 45. Ra5 Nf5
46. h3 Nh4 47. Ra4+ Kg5 48. Rg4+ Kh5 49. Kg3 Nf5+ 50. Kf4 Nd4 51. Ke4 Ne6 52.
Kf5 Nf8 53. Rg7 1-0

[Event "48th Biel Master Open"]
[Site "Biel SUI"]
[Date "2015.07.22"]
[Round "3.16"]
[White "Hasenohr, Benedict"]
[Black "Ulybin, Mikhail"]
[Result "0-1"]
[WhiteTitle "FM"]
[BlackTitle "GM"]
[WhiteElo "2317"]
[BlackElo "2520"]
[WhiteFideId "1303309"]
[BlackFideId "4101405"]
[EventDate "2015.07.20"]

1. d4 e6 2. c4 f5 3. g3 Nf6 4. Bg2 d5 5. Nf3 Bd6 6. Nc3 c6 7. O-O O-O 8. Qc2 Bd7
9. Ne5 Be8 10. Bf4 Qe7 11. c5 Bc7 12. Qb3 b6 13. Rac1 Kh8 14. cxb6 axb6 15. Na4
Ra6 16. Nd3 c5 17. Naxc5 bxc5 18. Bxc7 Qxc7 19. Nxc5 Rb6 20. Nxe6 Qd6 21. Qxb6
Qxb6 22. Nxf8 Kg8 23. Nxh7 Kxh7 24. e3 Na6 25. b3 Nb4 26. a3 Na2 27. Rb1 Bb5 28.
Rfe1 Nc3 29. Ra1 Ne2+ 30. Kh1 Ne4 31. Bf1 N2c3 32. a4 Bxf1 33. Rxf1 Qxb3 34. a5
Qb2 35. Kg2 Nxf2 36. Kf3 Nd3 0-1

[Event "48th Biel Master Open"]
[Site "Biel SUI"]
[Date "2015.07.22"]
[Round "3.17"]
[White "Zoler, Dan"]
[Black "Misiano, Franco"]
[Result "1-0"]
[WhiteTitle "GM"]
[BlackTitle "FM"]
[WhiteElo "2498"]
[BlackElo "2311"]
[WhiteFideId "2800705"]
[BlackFideId "804746"]
[EventDate "2015.07.20"]

1. d4 Nf6 2. c4 g6 3. Nc3 Bg7 4. e4 d6 5. Nf3 O-O 6. Be2 e5 7. O-O Nc6 8. d5 Ne7
9. b4 Nh5 10. g3 f5 11. Ng5 Nf6 12. Bf3 c6 13. Bg2 cxd5 14. cxd5 h6 15. Ne6 Bxe6
16. dxe6 fxe4 17. b5 Rc8 18. Qb3 Kh7 19. Nxe4 Nf5 20. Bb2 Nd4 21. Bxd4 exd4 22.
Nxf6+ Qxf6 23. Bxb7 Rc3 24. Qd5 Rc2 25. f4 d3 26. Rad1 Re2 27. Qxd3 Qxe6 28. Bd5
Qe7 29. Rf2 Re3 30. Qc4 Bc3 31. Kg2 Ba5 32. Bf3 Bb6 33. Re2 Rxe2+ 34. Qxe2 Qxe2+
35. Bxe2 Bc5 36. a4 Re8 37. Kf1 Re3 38. Ra1 Ra3 39. Rxa3 Bxa3 40. a5 Bc5 41. h4
Kg7 42. b6 axb6 43. a6 b5 44. Bxb5 Kf6 45. Bd3 d5 46. Ke2 d4 47. Be4 Ba7 48. Kd3
g5 49. fxg5+ hxg5 50. h5 Kg7 51. g4 1-0

[Event "48th Biel Master Open"]
[Site "Biel SUI"]
[Date "2015.07.22"]
[Round "3.19"]
[White "Romanishin, Oleg M"]
[Black "Kamber, Bruno"]
[Result "1-0"]
[WhiteTitle "GM"]
[BlackTitle "FM"]
[WhiteElo "2475"]
[BlackElo "2291"]
[WhiteFideId "14100088"]
[BlackFideId "1300504"]
[EventDate "2015.07.20"]

1. Nf3 g6 2. g3 c5 3. c3 Bg7 4. d4 cxd4 5. cxd4 d5 6. Nc3 Nc6 7. Bg2 Nf6 8. Ne5
O-O 9. O-O Bf5 10. Nxc6 bxc6 11. Na4 Re8 12. Bf4 Nh5 13. Be3 e5 14. Rc1 Qf6 15.
dxe5 Qxe5 16. Rxc6 Be4 17. Bxe4 Qxe4 18. Nc3 Bxc3 19. Rxc3 Rad8 20. Ra3 Ng7 21.
Bxa7 Ne6 22. Qd2 Rd7 23. Bd4 Nxd4 24. Re3 Qxe3 25. fxe3 Nf5 26. Rf3 Rde7 27.
Qxd5 Nxe3 28. Qc5 Re5 29. Qc7 R8e7 30. Qd8+ Re8 31. Qc7 R8e7 32. Qd8+ Re8 33.
Qd3 g5 34. h3 h5 35. Kf2 Nd5 36. Rf5 Nb4 37. Qf3 Nc6 38. Rxe5 Nxe5 39. Qxh5 1-0

[Event "48th Biel Master Open"]
[Site "Biel SUI"]
[Date "2015.07.22"]
[Round "3.20"]
[White "Lampert, Jonas"]
[Black "Ivanov, Mike"]
[Result "1-0"]
[WhiteTitle "IM"]
[WhiteElo "2448"]
[BlackElo "2192"]
[WhiteFideId "1303759"]
[BlackFideId "2613158"]
[EventDate "2015.07.20"]

1. e4 e6 2. d4 d5 3. Nd2 Nc6 4. Ngf3 Nf6 5. e5 Nd7 6. c4 dxc4 7. Nxc4 Nb6 8. a3
Be7 9. Bd3 Nd5 10. O-O a5 11. Qc2 h6 12. Bd2 Bd7 13. Rac1 Qb8 14. Ne3 Nf4 15.
Rfe1 Nxd3 16. Qxd3 a4 17. Qe4 Na5 18. Qg4 g6 19. Bb4 Bxb4 20. axb4 Nb3 21. Rcd1
Qd8 22. d5 Ra6 23. Qf4 Kf8 24. b5 Rb6 25. dxe6 Rxe6 26. Qxa4 Nc5 27. Qd4 b6 28.
b4 1-0

[Event "48th Biel Master Open"]
[Site "Biel SUI"]
[Date "2015.07.23"]
[Round "4.1"]
[White "Fier, Alexandr"]
[Black "Gharamian, Tigran"]
[Result "1/2-1/2"]
[WhiteTitle "GM"]
[BlackTitle "GM"]
[WhiteElo "2628"]
[BlackElo "2649"]
[WhiteFideId "2107139"]
[BlackFideId "13301527"]
[EventDate "2015.07.20"]

1. d4 Nf6 2. c4 e6 3. Nc3 Bb4 4. e3 d5 5. cxd5 exd5 6. Bd3 c5 7. a3 cxd4 8. axb4
dxc3 9. Ne2 Nc6 10. b5 Nb4 11. Nxc3 Nxd3+ 12. Qxd3 O-O 13. O-O Be6 14. Ne2 Qc7
15. b3 Rfc8 16. h3 Qe5 17. Qd4 Qxd4 18. Nxd4 Bd7 19. Bb2 Ne8 20. Rfc1 Rxc1+ 21.
Rxc1 Rc8 22. Ra1 Ra8 23. b6 a5 24. Ne2 Ra6 25. Bd4 Bc6 26. Rc1 Nf6 27. Nc3 Ra8
28. Ra1 Ra6 29. Na4 Nd7 30. g4 f6 31. Rc1 Bxa4 32. bxa4 Nxb6 33. Rc7 Nxa4 34.
Rxb7 Rc6 35. Rb3 Rc4 36. Rb5 1/2-1/2

[Event "48th Biel Master Open"]
[Site "Biel SUI"]
[Date "2015.07.23"]
[Round "4.2"]
[White "Ivanisevic, Ivan"]
[Black "Brkic, Ante"]
[Result "1/2-1/2"]
[WhiteTitle "GM"]
[BlackTitle "GM"]
[WhiteElo "2662"]
[BlackElo "2607"]
[WhiteFideId "912417"]
[BlackFideId "14506688"]
[EventDate "2015.07.20"]

1. d4 Nf6 2. c4 e6 3. Nc3 Bb4 4. Qc2 d5 5. a3 Bxc3+ 6. Qxc3 dxc4 7. Qxc4 b6 8.
Bf4 Ba6 9. Qxc7 Qxc7 10. Bxc7 Nc6 11. Be5 Rc8 12. Bxf6 gxf6 13. Nf3 Na5 14. b4
Nb3 15. Rb1 Rc3 16. e3 Bxf1 17. Kxf1 Kd7 18. g3 Kc6 19. a4 b5 20. d5+ Kxd5 21.
axb5 Kc4 22. Kg2 Rd8 23. Rb2 Kxb5 24. Ra2 Rd7 25. Rb1 Kxb4 26. Nd4 e5 27. Nc2+
Kc5 28. Na1 Nxa1 29. Rbxa1 Kd6 30. Rxa7 Rxa7 31. Rxa7 Ke6 32. Ra8 Kf5 33. Rg8 h5
34. Rg7 Rc7 35. Kf3 e4+ 36. Kg2 Ke6 37. Rg8 Rb7 38. h4 Rb5 39. Re8+ Kf5 40. Re7
Rb6 41. Rxf7 Rb1 42. Rg7 Rb8 43. Rd7 Rb1 44. Rd5+ Kg4 45. Rd8 Kf5 46. Rg8 Rb7
47. g4+ hxg4 48. Rc8 Rb5 49. Kg3 Ra5 50. Rh8 Ra1 51. Rh5+ Kg6 52. Rc5 f5 53. Kf4
Ra2 54. h5+ Kxh5 55. Rxf5+ Kh4 56. Kxe4 Ra4+ 57. Ke5 Ra5+ 58. Kf6 Ra6+ 59. Kf7
Ra7+ 60. Kg6 Ra6+ 61. Rf6 Ra4 62. Rf4 Ra6+ 63. Kf5 Ra5+ 64. Kf6 Ra6+ 65. Ke5
Ra5+ 66. Kd4 Kg5 67. Rf8 Ra4+ 68. Kd3 Ra3+ 69. Ke2 Ra2+ 70. Kf1 Ra1+ 71. Kg2 Rb1
72. Rh8 Ra1 73. Rh1 Ra5 74. Rd1 Rf5 75. Rd4 Rf8 76. Rd5+ Kg6 77. Rd7 Kh6 78. Re7
Kg6 79. Rb7 Kh6 80. Rb1 Kg5 81. Rb5+ Kg6 82. Rb2 Kg5 83. Re2 Rf6 84. Re1 Rf7 85.
e4 Kf6 86. Kg3 Ke5 87. Re2 Rg7 88. Rb2 Kxe4 89. Rb4+ Ke5 90. Rxg4 Ra7 91. Rf4
Rg7+ 92. Kf3 Rg8 1/2-1/2

[Event "48th Biel Master Open"]
[Site "Biel SUI"]
[Date "2015.07.23"]
[Round "4.3"]
[White "Erdos, Viktor"]
[Black "Bartel, Mateusz"]
[Result "1-0"]
[WhiteTitle "GM"]
[BlackTitle "GM"]
[WhiteElo "2610"]
[BlackElo "2631"]
[WhiteFideId "719978"]
[BlackFideId "1112635"]
[EventDate "2015.07.20"]

1. Nf3 d5 2. g3 g6 3. c4 d4 4. Bg2 Bg7 5. O-O e5 6. d3 Ne7 7. b4 O-O 8. Nbd2 c6
9. Nb3 Na6 10. Qd2 Rb8 11. Bb2 b5 12. c5 Nd5 13. a3 Nac7 14. Rae1 Be6 15. Qc2 f6
16. e3 dxe3 17. fxe3 Bh6 18. Bc1 Ne7 19. Na5 Qd7 20. d4 e4 21. Qxe4 Bf5 22. Qh4
Bg7 23. Qf4 Ne6 24. Qd6 Qe8 25. Nxc6 Nxc6 26. d5 Ne5 27. dxe6 Nc4 28. Qc7 Be4
29. Nd4 Rb7 30. Qf4 Bxg2 31. Kxg2 f5 32. Qf3 Qe7 33. Rd1 Ne5 34. Qd5 Rc8 35. e4
Rd8 36. Nxf5 1-0

[Event "48th Biel Master Open"]
[Site "Biel SUI"]
[Date "2015.07.23"]
[Round "4.4"]
[White "Yilmaz, Mustafa"]
[Black "Adhiban, Baskaran"]
[Result "0-1"]
[WhiteTitle "GM"]
[BlackTitle "GM"]
[WhiteElo "2582"]
[BlackElo "2627"]
[WhiteFideId "6302718"]
[BlackFideId "5018471"]
[EventDate "2015.07.20"]

1. d4 Nf6 2. c4 e6 3. Nf3 b6 4. g3 Ba6 5. Qc2 Bb7 6. Bg2 c5 7. d5 exd5 8. cxd5
Nxd5 9. O-O Be7 10. Rd1 Qc8 11. a3 Nc7 12. e4 O-O 13. Nc3 d6 14. Be3 Rd8 15. Ng5
Nc6 16. Bh3 Qb8 17. Nd5 Bxg5 18. Bxg5 Re8 19. Nxc7 Qxc7 20. Rd2 h6 21. Bf4 Qe7
22. Bxd6 Qf6 23. Qd1 Nd4 24. Rxd4 cxd4 25. e5 Qf3 26. Qxf3 Bxf3 27. Bf5 f6 28.
e6 Rad8 29. Bb4 d3 30. e7 Rd4 31. Be6+ Kh8 32. Bf7 d2 33. Bxd2 Rxe7 34. Bc3 Rd1+
35. Rxd1 Bxd1 36. Bd5 Bc2 37. f3 Bd3 38. g4 Re2 39. Bb3 h5 40. Bd1 Re7 41. Kf2
h4 42. f4 Bc4 43. Bf3 Kg8 44. Bb4 Re8 45. Bc3 Kf7 46. f5 g6 47. fxg6+ Kxg6 48.
Bd2 Bd3 49. Bd1 f5 50. Bf3 Be4 51. Be2 Rd8 52. gxf5+ Kxf5 53. Bb4 Kf4 54. Bc3
Rd6 55. Bb4 Rd7 56. Bc3 Bf5 57. Ke1 Bg4 58. Bd2+ Kf5 59. Ba6 Ke4 60. Bb5 Rd6 61.
Ba6 Bh5 62. Bf1 Rc6 63. Bc3 Ke3 64. Bd2+ Kd4 65. Bg5 Rc2 66. Bxh4 Ke4 67. Bf6
Rxh2 68. Bb5 Bf3 69. Ba6 Rg2 70. Bf1 Rh2 71. Ba6 Bg4 72. Bb5 Bh5 73. Ba6 Bf3 74.
Bb5 Rg2 75. Bf1 Rg1 76. Kf2 Rg6 77. Bc3 Rd6 78. Bb5 Bh5 79. Bc4 Rd1 80. Bb3 Rc1
81. Bd2 Rc8 82. Bg5 Kd3 83. Ke1 Re8+ 84. Kf1 Rf8+ 85. Kg2 Bf7 0-1

[Event "48th Biel Master Open"]
[Site "Biel SUI"]
[Date "2015.07.23"]
[Round "4.5"]
[White "Solak, Dragan"]
[Black "Bok, Benjamin"]
[Result "0-1"]
[WhiteTitle "GM"]
[BlackTitle "GM"]
[WhiteElo "2622"]
[BlackElo "2562"]
[WhiteFideId "916811"]
[BlackFideId "1017063"]
[EventDate "2015.07.20"]

1. c4 c5 2. Nc3 g6 3. g3 Bg7 4. Bg2 Nc6 5. Nf3 d6 6. d3 e6 7. Bd2 Nge7 8. a3 b6
9. Rb1 Bb7 10. O-O Qd7 11. b4 O-O 12. e3 Rfd8 13. Qe2 Ne5 14. Nxe5 Bxe5 15. Ne4
Rab8 16. Rfd1 Bg7 17. Bc1 cxb4 18. axb4 d5 19. cxd5 Bxd5 20. Bb2 e5 21. Bc3 Qb7
22. f4 f5 23. Ng5 Bxg2 24. Qxg2 Qxg2+ 25. Kxg2 Nd5 26. Bd2 exf4 27. gxf4 Bc3 28.
Kf3 Rd7 29. Rb3 Bxd2 30. Rxd2 Re8 31. e4 Nc7 32. exf5 gxf5 33. Kf2 Rd4 34. Nf3
Rxf4 35. Re2 Rxe2+ 36. Kxe2 Nb5 37. Rb2 Nc3+ 38. Ke3 Nd5+ 39. Ke2 Rxb4 40. Rc2
a5 41. Ne5 a4 42. Rc8+ Kg7 43. Ra8 Kf6 44. Nc4 b5 45. Ra6+ Kg5 46. Nd6 Kf4 47.
Kd2 Rb2+ 48. Kc1 Rb3 49. Ra5 Ke3 50. Nxb5 Kxd3 51. h4 Nf4 52. Rxa4 Ne2+ 53. Kd1
Rb1# 0-1

[Event "48th Biel Master Open"]
[Site "Biel SUI"]
[Date "2015.07.23"]
[Round "4.6"]
[White "Esen, Baris"]
[Black "Sutovsky, Emil"]
[Result "0-1"]
[WhiteTitle "GM"]
[BlackTitle "GM"]
[WhiteElo "2567"]
[BlackElo "2619"]
[WhiteFideId "6302114"]
[BlackFideId "2802007"]
[EventDate "2015.07.20"]

1. c4 c5 2. Nc3 g6 3. g3 Bg7 4. Bg2 Nc6 5. a3 e6 6. Rb1 Nge7 7. d3 d5 8. Bd2 b6
9. Nf3 Bb7 10. O-O O-O 11. Qa4 d4 12. Na2 a5 13. Qc2 a4 14. e4 e5 15. b4 axb3
16. Rxb3 Nc8 17. Rfb1 Na5 18. Bxa5 Rxa5 19. Bh3 f5 20. Qe2 fxe4 21. dxe4 Nd6 22.
Nd2 Bh6 23. f3 Be3+ 24. Rxe3 dxe3 25. Qxe3 Bc8 26. Bf1 Be6 27. Rb3 b5 28. cxb5
Bxb3 29. Qxb3+ Kg7 30. Qb2 Nxb5 31. Qxe5+ Kh6 32. Qxc5 Rxa3 33. Bxb5 Rxa2 34.
Qe3+ Kg7 35. Nf1 Qf6 36. Be2 Qb2 0-1

[Event "48th Biel Master Open"]
[Site "Biel SUI"]
[Date "2015.07.23"]
[Round "4.8"]
[White "Fridman, Daniel"]
[Black "Zoler, Dan"]
[Result "1-0"]
[WhiteTitle "GM"]
[BlackTitle "GM"]
[WhiteElo "2639"]
[BlackElo "2498"]
[WhiteFideId "11600454"]
[BlackFideId "2800705"]
[EventDate "2015.07.20"]

1. c4 Nf6 2. Nc3 c5 3. Nf3 b6 4. e4 d6 5. d4 cxd4 6. Nxd4 Bb7 7. f3 e6 8. Be2
Be7 9. O-O O-O 10. Be3 Nbd7 11. Qd2 a6 12. Rfd1 Rc8 13. Rac1 Re8 14. a3 Bf8 15.
b4 Ne5 16. Na4 Nfd7 17. Bf1 Qc7 18. Qf2 Qb8 19. Nb2 d5 20. cxd5 Rxc1 21. Rxc1
exd5 22. exd5 Bxd5 23. Bxa6 Qa7 24. Nb5 Qxa6 25. Nc7 Qxa3 26. Nxe8 Qxb4 27. Nc7
Bb7 28. Qe2 Qb3 29. Rd1 Bc6 30. Bd4 Bxf3 31. gxf3 Nxf3+ 32. Kh1 Nxd4 33. Rxd4
Nf6 34. Nd1 g6 35. Qd3 Qa2 36. Nd5 Nh5 37. Re4 Qa8 38. Nxb6 Qb7 39. Nd5 f5 40.
Rc4 Nf6 41. Nc3 Ng4 42. Qe2 Qa6 43. h3 Ne5 44. Ra4 Qd6 45. Ra6 Qb8 46. Rb6 1-0

[Event "48th Biel Master Open"]
[Site "Biel SUI"]
[Date "2015.07.23"]
[Round "4.9"]
[White "Dragun, Kamil"]
[Black "Romanishin, Oleg M"]
[Result "1-0"]
[WhiteTitle "GM"]
[BlackTitle "GM"]
[WhiteElo "2586"]
[BlackElo "2475"]
[WhiteFideId "1134167"]
[BlackFideId "14100088"]
[EventDate "2015.07.20"]

1. d4 Nf6 2. c4 d6 3. Nf3 g6 4. Nc3 Bg4 5. e4 Bxf3 6. Qxf3 Nc6 7. d5 Nd4 8. Qd1
e5 9. dxe6 Nxe6 10. g3 Bg7 11. Bg2 O-O 12. Be3 Nd7 13. Rc1 a6 14. O-O b5 15. Qe2
b4 16. Nd5 a5 17. Rfd1 Rb8 18. Rd2 Re8 19. h4 h5 20. Bh3 Ndc5 21. f3 c6 22. Nf4
Qe7 23. Nxe6 Nxe6 24. Rcd1 Rbd8 25. Bb6 Rb8 26. Bf2 Rbd8 27. Kg2 a4 28. Rd3 Nc5
29. Bxc5 dxc5 30. Bd7 Rf8 31. Bxc6 Rxd3 32. Rxd3 Qf6 33. Bxa4 Qxb2 34. Qxb2 Bxb2
35. Rd5 Ra8 36. Bb3 Bd4 37. f4 Kf8 38. Rd7 Re8 39. Kf3 Re7 40. Rd5 Ra7 41. Rd8+
Ke7 42. Rb8 Bg1 43. g4 hxg4+ 44. Kxg4 Bf2 45. e5 Bd4 46. Rh8 Ra6 47. Rg8 Ra7 48.
Kf3 Rd7 49. Ra8 Rd8 50. Ra7+ Rd7 51. Ra6 Bc3 52. Bc2 Rd4 53. Be4 Bd2 54. h5 g5
55. fxg5 Bxg5 56. h6 f5 57. Bd5 Rd3+ 58. Ke2 Rd2+ 59. Ke1 Rh2 60. h7 Bd2+ 61.
Kd1 Bc3 62. Ra7+ Kf8 63. e6 Rh6 64. Rf7+ Ke8 65. Bc6+ 1-0

[Event "48th Biel Master Open"]
[Site "Biel SUI"]
[Date "2015.07.23"]
[Round "4.10"]
[White "Wagner, Dennis"]
[Black "Lampert, Jonas"]
[Result "1/2-1/2"]
[WhiteTitle "GM"]
[BlackTitle "IM"]
[WhiteElo "2569"]
[BlackElo "2448"]
[WhiteFideId "24650684"]
[BlackFideId "1303759"]
[EventDate "2015.07.20"]

1. d4 d5 2. c4 c6 3. Nf3 Nf6 4. Nc3 dxc4 5. a4 Bf5 6. Ne5 e6 7. f3 Bb4 8. Nxc4
O-O 9. Kf2 Bg6 10. e4 Nbd7 11. Be2 Qe8 12. Qb3 a5 13. Na2 Be7 14. Be3 c5 15.
Rhd1 cxd4 16. Bxd4 e5 17. Nxe5 Nxe5 18. Bxe5 Bc5+ 19. Bd4 Bxd4+ 20. Rxd4 Qe5 21.
Qe3 Qxh2 22. Bb5 Rad8 23. Rad1 Rxd4 24. Rxd4 Nh5 25. e5 Ng3 26. Qf4 1/2-1/2

[Event "48th Biel Master Open"]
[Site "Biel SUI"]
[Date "2015.07.23"]
[Round "4.11"]
[White "Cebalo, Miso"]
[Black "Donchenko, Alexander"]
[Result "0-1"]
[WhiteTitle "GM"]
[BlackTitle "GM"]
[WhiteElo "2397"]
[BlackElo "2567"]
[WhiteFideId "14500094"]
[BlackFideId "24603295"]
[EventDate "2015.07.20"]

1. Nf3 c5 2. c4 Nc6 3. Nc3 g6 4. g3 Bg7 5. Bg2 d6 6. O-O Bf5 7. d3 Qd7 8. Re1 h5
9. a3 Bh3 10. Bh1 h4 11. Nd5 hxg3 12. hxg3 Nf6 13. Nxf6+ Bxf6 14. Qa4 Kf8 15.
Bg5 Bxb2 16. Rab1 Bc3 17. Rec1 Nd4 18. Qd1 Bg4 19. Bg2 Nxf3+ 20. exf3 Bh3 21.
Bh1 Bd4 22. Qe2 Re8 23. Be3 Bf6 24. a4 Kg7 25. a5 Rh7 26. f4 Bg4 27. f3 Reh8 28.
Bg2 Bh3 29. Rb5 Bxg2 30. Qxg2 Rh1+ 0-1

[Event "48th Biel Master Open"]
[Site "Biel SUI"]
[Date "2015.07.23"]
[Round "4.12"]
[White "Wallace, John Paul"]
[Black "Heimann, Andreas"]
[Result "1-0"]
[WhiteTitle "IM"]
[BlackTitle "IM"]
[WhiteElo "2385"]
[BlackElo "2557"]
[WhiteFideId "3200957"]
[BlackFideId "24624632"]
[EventDate "2015.07.20"]

1. e4 e5 2. Nf3 Nc6 3. Bb5 a6 4. Ba4 Nf6 5. O-O Be7 6. Re1 b5 7. Bb3 O-O 8. d4
d6 9. c3 Bg4 10. Be3 Bh5 11. h3 exd4 12. cxd4 Na5 13. Bc2 Nc4 14. Bc1 d5 15. e5
Ne4 16. Bxe4 dxe4 17. Rxe4 f6 18. e6 c5 19. d5 Nb6 20. Nc3 b4 21. Ne2 Bg6 22.
Rg4 Nxd5 23. Nh4 Bh5 24. Ng3 Bxg4 25. Qxg4 Kh8 26. Ngf5 g5 27. b3 Qe8 28. Bb2
Rg8 29. Nf3 Nc3 30. Re1 Ra7 31. Bxc3 bxc3 32. Qc4 Qb5 33. Qxc3 Qb4 34. Ne5 Rc8
35. Qa1 Qf4 36. Nf7+ Kg8 37. g3 Qc7 38. Rd1 Kf8 39. Rd7 Qb8 40. Nxe7 Rxd7 41.
exd7 Kxe7 42. dxc8=Q Qxc8 43. Nh6 Qxh3 44. Ng8+ Kf7 45. Nxf6 1-0